Öreg iskola, régi hangszerek

Bibliographic Details
Main Author: Havasi, Péter, 1950- (Author)
Format: Article
Language:Hungarian
PhysicalDescription:Fotogr.
Subjects:

MARC

LEADER 00000nab a2200000 a 4500
001 vtls008953258
003 SK-MaSNL
005 20260319071313.0
008 070308|2007 xo m| | |00 0|hun
038 |a KEVKJB 
040 |a KEVKJB  |b slo  |c KEVKJB  |e AACR2 
041 0 |a hun 
044 |a xo  |c SK 
080 |a 373.67  |2 2001 
100 1 |a Havasi, Péter,  |d 1950-  |4 aut  |9 473075 
245 1 0 |a Öreg iskola, régi hangszerek  |c Havasi Péter 
300 |b Fotogr. 
610 2 7 |a Konzervatórium (Košice, Slovensko)  |2 kevkjb  |9 29661 
650 0 7 |a 55. výročie  |2 kevkjb  |9 1036117 
651 7 |a Košice (Slovensko)  |2 kevkjb  |9 18694 
773 0 |t Kassai Figyelő  |g Évf. V, sz. 2 (2007), o. 5 
852 |a KEVKJB  |b KIS3GCP 
958 |a HU 
999 |c 1754612  |d 1756542